000 00388nam a2200157Ia 4500
008 241014s9999||||xx |||||||||||||| ||und||
020 _a9780071244640
060 _aHD 31 M 2006
100 _aMegginson, Leon G.
245 0 _aSmall Business Management
250 _a5th Ed. / 2006
260 _aBoston
_bMC Graw- Hill
300 _a518
650 _aManagement
942 _bIBHM
_cBK
999 _c16310
_d16310